000 00270nam a22001217a 4500
008 180207b xxu||||| |||| 00| 0 eng d
041 _aeng
080 _a51
100 _a36
101 _aMAT
245 _aUsing& understanding mathematics
_cBennett,J
942 _2udc
_cBK
999 _c41998
_d41998